| 000 | 00524nam a2200205Ia 4500 | ||
|---|---|---|---|
| 001 | 12765 | ||
| 003 | GE_BSU | ||
| 008 | 181216s||||||||xx |||||||||||||| ||und|| | ||
| 040 | _cGE_BSU | ||
| 080 | _a635.21 | ||
| 100 | _aПонкова,К.В. | ||
| 245 | _aФитофлора картофеля | ||
| 245 | _cРед.Т.В.Островская | ||
| 260 | _aМосква | ||
| 260 | _bКолос | ||
| 260 | _c1972 | ||
| 300 | _a176стр.илл.20см. | ||
| 653 | _aФитофлора картофеля | ||
| 942 | _cBK | ||
| 999 |
_c45936 _d45936 |
||